Sikhism and women : (Record no. 37969)

MARC details
000 -LEADER
fixed length control field 00734nam a22002057a 4500
005 - DATE AND TIME OF LATEST TRANSACTION
control field 20100727154021.0
010 ## - LCCN (DPL NO)
LC control number ENG-96908
020 ## - INTERNATIONAL STANDARD BOOK NUMBER
International Standard Book Number 9780198060024
Terms of availability 795.00
020 ## - INTERNATIONAL STANDARD BOOK NUMBER
International Standard Book Number 0198060025
Terms of availability 795.00
035 ## - SYSTEM CONTROL NUMBER
System control number EN-80441
037 ## - SOURCE OF ACQUISITION
Source of stock number/acquisition DBAD/PUB
082 ## - DEWEY DECIMAL CLASSIFICATION NUMBER
Classification number 260
245 ## - TITLE STATEMENT
Title Sikhism and women :
Remainder of title history, texts and experience /
Statement of responsibility, etc edited by Doris R. Jakobsh
260 ## - PUBLICATION, DISTRIBUTION, ETC. (IMPRINT)
Place of publication, distribution, etc New Delhi
Name of publisher, distributor, etc Oxford University Press
Date of publication, distribution, etc 2010
270 ## - ADDRESS
Address YMCA Library Building, Jai Singh Road,
City New Delhi
Postal code 110001
300 ## - PHYSICAL DESCRIPTION
Extent vi, 383p.
Dimensions 23cm, (Hb)
700 ## - ADDED ENTRY--PERSONAL NAME
Personal name Jakobsh, Doris R.
9 (RLIN) 1901
942 ## - ADDED ENTRY ELEMENTS (KOHA)
Source of classification or shelving scheme Dewey Decimal Classification
Item type English Books
Classification part 260
Call number suffix SIK
Holdings
Withdrawn status Lost status Not for loan Collection code Home library Current library Date acquired Source of acquisition Cost, normal purchase price Full call number Barcode Copy number Cost, replacement price Koha item type
    Not For Loan Non-fiction D.B.Act.Division D.B.Act.Division 27/07/2010 DBAD/PUB 795.00 260 SIK EN-80441 1 795.00 English Books

© Delhi Public Library
Hit Counter
free hit counter